Icons of power. Feline symbolism in the Americas.

Saved in:
Bibliographic Details
Other Authors: Sauders, Nicholas (Editor)
Format: Book
Language:English
Published: London, United Kingdom; New York, United States of America: Routledge, 1998.
Subjects:
Tags: Add Tag
No Tags, Be the first to tag this record!

MARC

LEADER 00000nam a22000007a 4500
003 CL-VaPUC
005 20250106154731.0
008 241213t1998 ||||| |||| 00| 0 eng d
999 |c 446321  |d 446319 
020 |a 0-415-15327-1 
040 |c Pontificia Universidad Católica de Valparaíso 
082 |2 22  |a 398.369975 SAU 1998 
100 |9 894858  |a Sauders, Nicholas  |e editor 
245 |a Icons of power.  |b Feline symbolism in the Americas. 
260 |a London, United Kingdom;  |a New York, United States of America:  |b Routledge,  |c 1998. 
300 |a 298 páginas:  |b ilustraciones. 
500 |a c.1: Donación P.I.I.E. 2-12-2024. 
583 |c 20241213  |k Yessy Sthefany Diaz Vidal 
650 0 |9 344852  |a Gatos  |x Creencias mitológicas, religiosas, etc.  |y América Latina 
650 0 |9 894859  |a Felinos  |x Mitologías indígenas  |x Civilizaciones precolombinas 
650 0 |9 894860  |a Felines  |x Indigenous mythologies  |x Pre-Columbian civilizations 
942 |2 ddc  |c BK 
952 |0 0  |1 0  |2 ddc  |4 0  |6 398_369975000000000_SAU_1998  |7 0  |8 A  |9 598668  |a BIBGIM  |b BIBGIM  |d 2024-12-13  |e Donación  |i 5663612  |o 398.369975 SAU 1998  |p 5663612  |r 2025-01-15  |t 1  |w 2024-12-13  |y BK  |k ELE